000
00295 a2200145 4500
001
194936
040
_c
Magnum
100
_a
Machado, Ana Maria
240
1
0
_a
Sopa de Pedra
_l
por
245
1
0
_a
Sopa de Pedra
300
_a
8
362
0
_a
2021
697
_a
LITERATURA INFANTIL
942
_c
BK
999
_c
194936
_d
194936